[Event "Master Open"]
[Site "Voronezh"]
[Date "2017.06.12"]
[Round "1.45"]
[White "Nozdrachev, Leonid"]
[Black "Sakorenko, Adriana"]
[Result "1-0"]
[WhiteElo "2411"]
[BlackElo "2140"]
[Annotator ""]
[Source ""]
[Remark ""]

1.d4 Nf6 2.c4 e6 3.Nc3 d5 4.cxd5 exd5 5.Bg5 Be7 6.e3 O-O 7.Bd3
c6 8.Nge2 h6 9.Bh4 Re8 10.f3 Qb6 11.Qc1 Nbd7 12.Bf2 c5 13.O-O
cxd4 14.exd4 Nf8 15.Nf4 Qd8 16.Nb5 Bd7 17.Qc2 a6 18.Nc3 Bc6 19.Qb3
Bd6 20.Bg3 Qc7 21.Nce2 Ne6 22.Nh3 Nh5 23.Bxd6 Qxd6 24.g3 Re7
25.Nf2 Rae8 26.Kg2 Nf6 27.Qc3 Nc7 28.Nf4 Ne6 29.N4h3 Nc7 30.a4
Re3 31.Nf4 Qd7 32.Kg1 Kh8 33.Nd1 R3e7 34.Bc2 Qd6 35.Nf2 Bd7 36.N2d3
Ne6 37.Nxe6 Bxe6 38.Ne5 Qb6 39.a5 Qd6 40.Qd3 Qb4 41.Ra4 Qd6 42.Ra3
g6 43.Qd2 Kg7 44.Rb3 Bh3 45.Rb6 Qc7 46.Rc1 Rc8 47.g4 Nd7 48.Nxf7
Nxb6 49.Qxh6+ Kxf7 50.Bxg6+ Kg8 51.Rxc7 Rcxc7 52.axb6 1-0

[Event "Master Open"]
[Site "Voronezh"]
[Date "2017.06.12"]
[Round "1.46"]
[White "Ustinov, Alexey"]
[Black "Sadovsky, Artem"]
[Result "0-1"]
[WhiteElo "2138"]
[BlackElo "2407"]
[Annotator ""]
[Source ""]
[Remark ""]

1.d4 d5 2.Nf3 Nf6 3.Bf4 g6 4.h3 Bg7 5.e3 O-O 6.Nbd2 c5 7.c3 Nc6
8.Be2 Nd7 9.O-O e5 10.dxe5 Ndxe5 11.Nxe5 Nxe5 12.Nf3 Nc6 13.Qb3
Na5 14.Qa3 Qb6 15.Rad1 Rd8 16.b4 cxb4 17.cxb4 Nc4 18.Qb3 Be6
19.Nd4 Rac8 20.a4 a5 21.b5 Qc5 22.Bg5 Re8 23.Rd3 Nb6 24.Rfd1
Qc4 25.Ra1 Bf5 26.Nxf5 Bxa1 27.Ne7+ Rxe7 28.Bxe7 Qe4 29.Qa3 Bg7
30.Bg5 Bf8 31.Qa2 Rc1+ 32.Kh2 Qxa4 33.Qxa4 Nxa4 34.Rxd5 Rc5 35.Bf3
b6 36.Kg1 Nc3 37.Rxc5 Bxc5 38.Bc6 Kg7 39.e4 Nd1 40.e5 Bxf2+ 41.Kf1
Bd4 42.Bf6+ Kf8 43.Ke2 Nb2 44.Bd5 Na4 45.Kd3 Ba1 46.Bc6 Nc5+
47.Kc4 Ne6 48.Kd5 Bb2 49.Kd6 Ba3+ 50.Kd7 Bc5 51.Be4 a4 52.Bc2
a3 53.Bb3 Bb4 54.Bc4 Bc5 55.g4 h6 56.Bh4 Nd4 57.Be1 Nc2 58.Bd2
Be3 59.Bc3 Bd4 60.Bd2 Bxe5 61.Bxh6+ Kg8 62.Bc1 Bb2 63.Bd2 Kg7
64.Kc7 Bd4 65.Bc1 Bc5 66.Kc6 a2 67.Bb2+ Kf8 68.h4 a1Q 69.Bxa1
Nxa1 70.h5 Kg7 0-1

[Event "Master Open"]
[Site "Voronezh"]
[Date "2017.06.12"]
[Round "1.47"]
[White "Shagbazyan, Taron"]
[Black "Kharmunova, Nadezhda"]
[Result "1-0"]
[WhiteElo "2406"]
[BlackElo "2137"]
[Annotator ""]
[Source ""]
[Remark ""]

1.d4 Nf6 2.c4 e6 3.Nc3 Bb4 4.e3 O-O 5.Bd3 d5 6.Nf3 c5 7.O-O Nc6
8.a3 Bxc3 9.bxc3 b6 10.Bb2 Re8 11.cxd5 exd5 12.dxc5 bxc5 13.c4
d4 14.exd4 Rb8 15.Bc3 Ne4 16.Bxe4 Rxe4 17.d5 Na5 18.Ne5 Qg5 19.Qf3
Rf4 20.Qg3 Qf5 21.Nc6 1-0

[Event "Master Open"]
[Site "Voronezh"]
[Date "2017.06.12"]
[Round "1.48"]
[White "Lingur, Zalina"]
[Black "Karpenko, Artem"]
[Result "1/2-1/2"]
[WhiteElo "2125"]
[BlackElo "2404"]
[Annotator ""]
[Source ""]
[Remark ""]

1.d4 d5 2.c4 c6 3.cxd5 cxd5 4.Nc3 Nc6 5.Bf4 Nf6 6.e3 a6 7.Bd3
Bg4 8.Nge2 e6 9.O-O Be7 10.f3 Bh5 11.Bg3 Rc8 12.a3 Bg6 13.Na4
Nd7 14.b4 O-O 15.Bxg6 hxg6 16.Nf4 Nb6 17.Nxb6 Qxb6 18.Rb1 Na7
19.Qb3 Rc4 20.Nd3 Rfc8 21.Nc5 Qc6 22.Rbc1 b6 23.Nd3 Rc3 24.Qb2
Rc2 25.Rxc2 Qxc2 26.Qxc2 Rxc2 27.Rc1 Rxc1+ 28.Nxc1 b5 29.Nb3
Nc6 30.Bc7 Kf8 31.Na5 Nxa5 32.Bxa5 Bd6 33.Bb6 Ke8 34.g3 f6 35.Kf2
Kf7 36.Bc5 Bc7 37.Kg2 1/2-1/2

[Event "Master Open"]
[Site "Voronezh"]
[Date "2017.06.12"]
[Round "1.49"]
[White "Elistratov, Semen"]
[Black "Kochukova, Anna"]
[Result "1-0"]
[WhiteElo "2403"]
[BlackElo "2123"]
[Annotator ""]
[Source ""]
[Remark ""]

1.g3 d5 2.Nf3 Nf6 3.Bg2 e6 4.c4 Be7 5.O-O O-O 6.d4 b6 7.Qc2 Na6
8.cxd5 exd5 9.a3 c5 10.Nc3 Bb7 11.Bf4 Re8 12.Rad1 h6 13.Be5 Ng4
14.dxc5 Bxc5 15.Bd4 Qe7 16.b4 Bxd4 17.Nxd4 Nf6 18.Qb3 Red8 19.Ncb5
Nc7 20.Nxc7 Qxc7 21.Rc1 Qe5 22.e3 Ne4 23.Qa4 a6 24.Rfd1 Rac8
25.Rxc8 Rxc8 26.Qd7 Qc7 27.Qg4 Nf6 28.Qf5 Qc3 29.Qf4 Qxa3 30.Nf5
Rc1 31.Rf1 Kh7 32.Nd6 Bc6 33.Qf5+ Kg8 34.Qc8+ Kh7 35.Nxf7 Rxf1+
36.Bxf1 Bd7 37.Qh8+ Kg6 38.Ne5+ Kf5 39.Nxd7 Nxd7 40.Bh3+ Kf6
41.Qd8+ Kg6 42.Qe8+ 1-0

[Event "Master Open"]
[Site "Voronezh"]
[Date "2017.06.12"]
[Round "1.50"]
[White "Protopopova, Anastasiya"]
[Black "Murtazin, Bulat"]
[Result "0-1"]
[WhiteElo "2123"]
[BlackElo "2403"]
[Annotator ""]
[Source ""]
[Remark ""]

1.d4 Nf6 2.c4 g6 3.Nc3 Bg7 4.e4 d6 5.h3 O-O 6.Be3 c5 7.Nf3 Nc6
8.d5 Na5 9.Be2 a6 10.O-O Rb8 11.Nd2 e6 12.a4 exd5 13.exd5 Qb6
14.Rb1 Nd7 15.Qc2 Re8 16.b4 Rxe3 17.fxe3 cxb4 18.Nd1 Nc5 19.Nf2
b3 20.Nxb3 Ncxb3 21.Bd1 Qxe3 22.Rxb3 Nxb3 23.Qxb3 Qxb3 24.Bxb3
b5 25.axb5 axb5 26.Ne4 bxc4 27.Bxc4 Be5 28.Ng5 Rb4 29.Ba2 Ba6
30.Rd1 Rb2 31.Bb1 Be2 0-1

[Event "Master Open"]
[Site "Voronezh"]
[Date "2017.06.12"]
[Round "1.52"]
[White "Martynyuk, Elizaveta"]
[Black "Peskov, Alexsey"]
[Result "1/2-1/2"]
[WhiteElo "2112"]
[BlackElo "2394"]
[Annotator ""]
[Source ""]
[Remark ""]

1.e4 c5 2.Nf3 e6 3.d4 cxd4 4.Nxd4 a6 5.Bd3 d6 6.O-O Nf6 7.c4
g6 8.Nc3 Bg7 9.Be3 O-O 10.Rc1 Nbd7 11.b3 d5 12.cxd5 exd5 13.Nxd5
Nxd5 14.exd5 Nb6 15.Nf3 Nxd5 16.Bc5 Re8 17.Bc4 Be6 18.Nd4 Nf4
19.Nxe6 Nxe6 20.Qf3 Qf6 21.Qxf6 Bxf6 22.Be3 Rad8 23.Rfd1 Nd4
24.Kf1 Kg7 25.Rd2 Nf5 26.Rxd8 Nxe3+ 27.fxe3 Rxd8 28.Ke2 Be5 29.h3
Rc8 30.Rf1 f6 31.Rd1 Rc7 32.Kf3 h5 33.Be6 Kh6 34.Rd7 Rc2 35.Rxb7
Rxa2 36.Bc4 h4 37.b4 Ra3 38.Ke4 Bc3 39.Rb6 a5 40.bxa5 Rxa5 41.Rb3
Be1 42.Rb5 Ra4 43.Kd3 Ra1 44.Rb6 Ra3+ 45.Ke4 Rc3 46.Bd3 Kg5 47.Rd6
Ra3 48.Rd5+ Kh6 49.Rd6 Bc3 50.Rc6 Bb2 51.Be2 Kg5 52.Ra6 Rb3 53.Rc6
f5+ 54.Kf3 Bd4 55.Re6 f4 56.Re4 Bxe3 57.Re5+ Kf6 58.Rb5 1/2-1/2

[Event "Master Open"]
[Site "Voronezh"]
[Date "2017.06.12"]
[Round "1.53"]
[White "Rodin, Dmitrij"]
[Black "Zaika, Daniil"]
[Result "1-0"]
[WhiteElo "2391"]
[BlackElo "2093"]
[Annotator ""]
[Source ""]
[Remark ""]

1.e4 e6 2.d4 d5 3.Nd2 c5 4.Ngf3 cxd4 5.exd5 Qxd5 6.Bc4 Qd6 7.O-O
Nf6 8.Nb3 Nc6 9.Nbxd4 Nxd4 10.Nxd4 Bd7 11.c3 Qc7 12.Qe2 Bd6 13.h3
Bh2+ 14.Kh1 Bf4 15.Bxf4 Qxf4 16.Rad1 O-O 17.Rfe1 Rac8 18.Bb3
Rc5 19.Qe3 Qxe3 20.Rxe3 Re8 21.Kg1 Kf8 22.Nf3 Bc6 23.Ne5 Bd5
24.c4 Be4 25.f4 h6 26.Rd4 Bh7 27.Bd1 Rc7 28.Bf3 Ke7 29.Kf2 Rd8
30.Rxd8 Kxd8 31.Ra3 a6 32.Ke3 Ne8 33.c5 f6 34.c6 fxe5 35.cxb7
exf4+ 36.Kd4 e5+ 37.Kxe5 Rc5+ 38.Kd4 Rb5 39.Rxa6 Kc7 40.Rc6+
Kxb7 41.Rxh6+ Kc7 42.Rxh7 Rxb2 43.Ke5 Rxa2 44.Rh8 Nf6 45.Ke6
Ra5 46.Kf7 Rg5 47.Ra8 Nd7 48.h4 Rg3 49.Ra5 Kd6 50.Rd5+ Kc7 51.Rg5
g6 52.Rxg3 fxg3 53.Kxg6 Ne5+ 54.Kf6 Nxf3 55.h5 Ne1 56.h6 Nxg2
57.h7 Nh4 58.h8Q g2 59.Qg7+ Kd6 60.Qg3+ Kd7 61.Kf7 Kc6 62.Qf2
Kd5 63.Kg7 Ke5 64.Kh6 1-0

[Event "Master Open"]
[Site "Voronezh"]
[Date "2017.06.12"]
[Round "1.54"]
[White "Siddharth, Sabharishankar"]
[Black "Tunik, Gennady"]
[Result "1/2-1/2"]
[WhiteElo "2087"]
[BlackElo "2384"]
[Annotator ""]
[Source ""]
[Remark ""]

1.e4 c5 2.Nf3 e6 3.d4 cxd4 4.Nxd4 a6 5.Nc3 Qc7 6.Be2 b5 7.O-O
Bb7 8.a3 Nf6 9.Qd3 Be7 10.f4 d6 11.Bf3 Nbd7 12.Kh1 O-O 13.Bd2
Rfe8 14.Rae1 Rad8 15.Nb3 e5 16.Nd5 Bxd5 17.exd5 Rc8 18.Bc3 exf4
19.Qf5 Ne5 20.Qxf4 Qc4 21.Be4 Nxd5 22.Bxd5 Qxd5 23.Bxe5 dxe5
24.Rxe5 Bd6 25.Rxd5 Bxf4 26.g3 Be3 27.c3 Re6 28.Kg2 g6 29.g4
Bb6 30.Nd4 Re4 31.h3 Bxd4 32.Rxd4 Rxd4 33.cxd4 Rc4 34.Rf4 Kf8
35.Kg3 a5 36.g5 Rc1 37.Rf3 Rc4 38.Rb3 b4 39.axb4 a4 40.Rd3 Rxb4
41.Rd2 Ke7 42.Re2+ Kd6 43.Rf2 Ke6 44.d5+ Kxd5 45.Rxf7 Rxb2 46.Rxh7
a3 47.Ra7 a2 48.h4 1/2-1/2

[Event "Master Open"]
[Site "Voronezh"]
[Date "2017.06.12"]
[Round "1.55"]
[White "Nesterov, Arseniy"]
[Black "Tsvetkov, Andrey"]
[Result "1/2-1/2"]
[WhiteElo "2382"]
[BlackElo "2072"]
[Annotator ""]
[Source ""]
[Remark ""]

1.d4 d5 2.c4 c6 3.Nf3 Nf6 4.Nc3 e6 5.e3 Nbd7 6.Qc2 Bd6 7.b3 O-O
8.Bb2 Qe7 9.Bd3 dxc4 10.Bxc4 e5 11.dxe5 Nxe5 12.Be2 Nxf3+ 13.Bxf3
Be6 14.O-O Ba3 15.Bxa3 Qxa3 16.Na4 Qe7 17.Qc5 Qc7 18.Rfd1 Nd7
19.Qd6 Rac8 20.Rac1 Rfe8 21.Nc3 Qxd6 22.Rxd6 Kf8 23.Ne4 Ke7 24.Rd4
Bd5 25.Bg4 Rcd8 26.Ng3 g6 27.Rb4 Rb8 28.Bxd7 Kxd7 29.Rd4 f5 30.Ne2
Ke7 31.Nf4 Bf7 32.Kf1 Rbd8 33.Rcd1 Rxd4 34.Rxd4 Rd8 35.Ra4 a6
36.Ke2 c5 37.Nd3 Be8 38.Rc4 Bb5 39.Rc3 Ke6 40.f3 b6 41.a4 Bxd3+
42.Rxd3 Rc8 1/2-1/2

[Event "Master Open"]
[Site "Voronezh"]
[Date "2017.06.12"]
[Round "1.56"]
[White "Volovich, Vasily"]
[Black "Palachev, Petr"]
[Result "0-1"]
[WhiteElo "2062"]
[BlackElo "2380"]
[Annotator ""]
[Source ""]
[Remark ""]

1.e4 c5 2.Nf3 d6 3.c3 Nf6 4.h3 Nc6 5.Bd3 d5 6.e5 Nd7 7.Bb5 Qb6
8.Qe2 c4 9.Bxc6 Qxc6 10.Nd4 Qg6 11.e6 Nc5 12.exf7+ Qxf7 13.O-O
Nd3 14.f4 e6 15.b3 Nxf4 16.Qe3 Bd6 17.Ba3 O-O 18.Bxd6 Nxh3+ 19.Kh2
Qxf1 20.Na3 Qxa1 21.Bxf8 Kxf8 22.Qxh3 Qf1 23.Nf3 Kg8 24.Qh4 Bd7
25.Qe7 cxb3 26.Qxd7 bxa2 27.Qxe6+ Kh8 28.Nc2 h6 29.Ne5 Qf4+ 30.Kg1
Qxd2 31.Nf7+ Kh7 32.Qf5+ Kg8 33.Ne5 Qxc2 34.Qxc2 a1Q+ 35.Kh2
Qe1 36.Qf5 Qh4+ 37.Kg1 Qf6 0-1

[Event "Master Open"]
[Site "Voronezh"]
[Date "2017.06.12"]
[Round "1.57"]
[White "Chekletsov, Ilya"]
[Black "Serdjukov, Sergey"]
[Result "1-0"]
[WhiteElo "2378"]
[BlackElo "2054"]
[Annotator ""]
[Source ""]
[Remark ""]

1.d4 d6 2.c4 e5 3.Nc3 exd4 4.Qxd4 Nc6 5.Qd2 Be6 6.b3 Nb4 7.e4
a5 8.Bb2 c6 9.Rd1 Nf6 10.Nge2 Be7 11.g3 Ng4 12.Bg2 Bg5 13.Nf4
Bxf4 14.gxf4 Qh4 15.Qe2 Ne3 16.Bf3 Nxd1 17.Nxd1 Qxf4 18.Ne3 O-O
19.Rg1 f6 20.Rg3 Rae8 21.a3 Na6 22.Kf1 Nc5 23.Qc2 Bc8 24.Ng2
Qh6 25.h4 g6 26.b4 axb4 27.axb4 Na6 28.Qc3 Re5 29.Bc1 Qg7 30.Bf4
Be6 31.h5 g5 32.Bxe5 dxe5 33.Ne3 Qd7 34.Nc2 Rd8 35.Be2 Qd2 36.Qxd2
Rxd2 37.Rc3 Kf7 38.Ke1 Rd7 39.Ra3 Ke7 40.c5 Nc7 41.Ra7 Nb5 42.Bxb5
cxb5 43.Ne3 Kd8 44.Ra5 Bc4 45.Nf5 Bf7 46.Ra8+ Kc7 47.Nd6 Rxd6
48.cxd6+ Kxd6 49.h6 Bg6 50.f3 g4 51.Rg8 Bf7 52.Rxg4 Bh5 53.Rg3
Ke6 54.Kf2 f5 55.Rg5 Bf7 56.exf5+ Kf6 57.Rg7 Bd5 58.Rxh7 Kxf5
59.Rd7 1-0

[Event "Master Open"]
[Site "Voronezh"]
[Date "2017.06.12"]
[Round "1.58"]
[White "Varshini, V"]
[Black "Popov, Mikhail"]
[Result "1/2-1/2"]
[WhiteElo "2050"]
[BlackElo "2378"]
[Annotator ""]
[Source ""]
[Remark ""]

1.e4 e6 2.d4 d5 3.Nd2 Nc6 4.Ngf3 Nf6 5.e5 Nd7 6.c3 f6 7.exf6
Qxf6 8.Bd3 Bd6 9.O-O O-O 10.Re1 e5 11.Qb3 Nb6 12.Ne4 Qe7 13.Neg5
Bf5 14.Bxf5 Rxf5 15.g4 Rf6 16.dxe5 Nxe5 17.Nxe5 Bxe5 18.f4 Qd7
19.Qc2 Qxg4+ 20.Kh1 Qh4 21.Rxe5 Nc4 22.Re7 Nd6 23.Qe2 Raf8 24.Qe1
Qh5 25.Qe2 Qh4 26.Nf3 Qh5 27.Nd4 Qh4 28.Bd2 Ne4 29.Rg1 Rg6 30.Rxg6
hxg6 31.Rxe4 dxe4 32.Qxe4 c5 33.Nf3 Qh3 34.Qc4+ Kh8 35.Ng5 Qg4
36.Be3 Qd1+ 37.Bg1 Rf5 38.Qe4 Qd5 39.Qxd5 Rxd5 40.Ne4 b6 41.a3
Rd1 42.Kg2 Re1 43.Ng3 Rb1 44.b4 cxb4 45.cxb4 Rb3 46.Ne2 Rxa3
47.b5 a6 48.bxa6 Rxa6 49.Nd4 Ra2+ 50.Kf3 Rb2 51.h4 b5 52.Ke4
b4 53.Kd3 b3 54.Be3 Rb1 55.Kc3 b2 56.Nc2 Kg8 57.Kb3 Kf7 58.Ka2
Rh1 59.Kxb2 Rxh4 60.Kc3 Ke6 61.Kd3 Rh8 62.Ke4 Rc8 63.Nd4+ Kf6
64.Nf3 Re8+ 65.Ne5 Ra8 66.Bd4 Ra4 67.Nf3+ Ke6 1/2-1/2

[Event "Master Open"]
[Site "Voronezh"]
[Date "2017.06.12"]
[Round "1.59"]
[White "Panchenko, Dmitry"]
[Black "Pogorelskikh, Sofia"]
[Result "1-0"]
[WhiteElo "2371"]
[BlackElo "2050"]
[Annotator ""]
[Source ""]
[Remark ""]

1.d4 Nf6 2.Nf3 g6 3.Bg5 Bg7 4.Nbd2 c5 5.e3 cxd4 6.exd4 d5 7.c3
Nc6 8.Bd3 Bf5 9.Nb3 Bxd3 10.Qxd3 O-O 11.O-O Ne4 12.Bf4 e6 13.Nfd2
g5 14.Be3 f5 15.f3 Nd6 16.Rfe1 b6 17.Bf2 Qf6 18.Qa6 f4 19.a4
Nb8 20.Qe2 Kf7 21.a5 Nd7 22.Qa6 h5 23.Nc1 Rg8 24.Qe2 Bh6 25.Nd3
Qg6 26.Ne5+ Nxe5 27.Qxe5 Nf5 28.axb6 axb6 29.Qc7+ Ne7 30.Rxa8
Rxa8 31.c4 Rc8 32.Qxb6 g4 33.Bh4 Rg8 34.Qd6 Bf8 35.cxd5 Nxd5
36.Qd7+ Be7 37.Nc4 Kf8 38.Rxe6 Qb1+ 39.Re1 Qxe1+ 40.Bxe1 gxf3
41.Qxd5 Rxg2+ 42.Kf1 1-0

[Event "Master Open"]
[Site "Voronezh"]
[Date "2017.06.12"]
[Round "1.60"]
[White "Bezgodova, Svetlana"]
[Black "Provotorov, Ivan"]
[Result "0-1"]
[WhiteElo "2038"]
[BlackElo "2368"]
[Annotator ""]
[Source ""]
[Remark ""]

1.Nf3 d5 2.c3 Nc6 3.d3 e5 4.e4 Nf6 5.Nbd2 a5 6.Be2 Bc5 7.O-O
O-O 8.b3 Qe7 9.a3 d4 10.cxd4 Nxd4 11.Bb2 Rd8 12.Nxd4 Bxd4 13.Qc2
b6 14.Bxd4 Rxd4 15.Nf3 Rd8 16.Qc3 Bg4 17.b4 Bxf3 18.Bxf3 Rd4
19.Be2 Qd6 20.Rfc1 Ne8 21.b5 Rd8 22.g3 g6 23.Qb3 Ng7 24.Rc6 Qe7
25.Rac1 Ne6 26.h4 R4d6 27.Qb2 Rxc6 28.Rxc6 Nd4 29.Rc3 Qd7 30.a4
Qd6 31.Kf1 h5 32.Bd1 Rd7 33.Qc1 Ne6 34.Bb3 Nd4 35.Bd5 Kg7 36.Rc4
Qf6 37.Qe3 Qf3 38.Qxf3 Nxf3 39.Ke2 Nd4+ 40.Ke3 f6 41.Rc1 g5 42.f4
gxf4+ 43.gxf4 Kh6 44.fxe5 fxe5 45.Rf1 Rg7 46.Rf6+ Rg6 47.Rf7
Rg2 48.Rf2 Rg3+ 49.Kd2 Nf3+ 50.Kc3 Nxh4 51.Rf8 Ng6 52.Rf7 h4
53.Rxc7 h3 54.Bg8 Nf8 55.Rc6+ Kg7 0-1

[Event "Master Open"]
[Site "Voronezh"]
[Date "2017.06.12"]
[Round "1.61"]
[White "Ovod, Evgenija"]
[Black "Pshmahov, Osman"]
[Result "1/2-1/2"]
[WhiteElo "2365"]
[BlackElo "2012"]
[Annotator ""]
[Source ""]
[Remark ""]

1.d4 Nf6 2.Bg5 c5 3.Bxf6 exf6 4.d5 d6 5.c4 Be7 6.Nc3 O-O 7.e3
f5 8.Bd3 Bf6 9.Qc2 g6 10.f4 Re8 11.Kd2 Qa5 12.Nf3 Na6 13.a3 b5
14.cxb5 Nc7 15.Bc4 Rb8 16.a4 a6 17.Qd3 Qb4 18.Kc2 Bd7 19.b6 Rxb6
20.Rhb1 Reb8 21.Nd2 Re8 22.Kd1 Rbb8 23.Ke2 Re7 24.Kf2 Rbe8 25.Nf1
Qb7 26.Ra2 Rb8 27.Rc1 Qa8 28.b3 Bxc3 29.Rxc3 Ne8 30.Qd1 Nf6 31.Rd3
Rbe8 32.h3 Ne4+ 33.Kg1 Bc8 34.g4 fxg4 35.hxg4 f5 36.g5 a5 37.Qe1
Ra7 38.Rh2 Ree7 39.Qa1 Ba6 40.Bxa6 Rxa6 1/2-1/2

[Event "Master Open"]
[Site "Voronezh"]
[Date "2017.06.12"]
[Round "1.62"]
[White "Harshini, A"]
[Black "Salemgareev, Tagir"]
[Result "0-1"]
[WhiteElo "2000"]
[BlackElo "2360"]
[Annotator ""]
[Source ""]
[Remark ""]

1.e4 c5 2.Nf3 d6 3.d4 cxd4 4.Nxd4 Nf6 5.Nc3 a6 6.Be2 e5 7.Nb3
Be7 8.Be3 Be6 9.Qd2 O-O 10.O-O-O Nbd7 11.Kb1 b5 12.g4 Nxg4 13.Bxg4
Bxg4 14.Rdg1 Bf3 15.Bh6 g6 16.Bxf8 Bxf8 17.h4 Bxh1 18.Rxh1 Nf6
19.f3 Rc8 20.Ne2 h5 21.Qd3 Bh6 22.Rd1 Rc6 23.Nd2 d5 24.c4 bxc4
25.Nxc4 Qc7 26.Ne3 dxe4 27.fxe4 Bxe3 28.Qxe3 Rd6 29.Rc1 Qb7 30.Nc3
Rd4 31.Re1 Qd7 32.Rf1 Ng4 33.Qe2 Qc6 34.Nd5 Qc4 35.Qf3 Qd3+ 36.Qxd3
Rxd3 37.Nb4 Rd6 38.a4 f6 39.Nc2 g5 40.Rh1 Nf2 41.Rh2 Rd1+ 42.Ka2
Rd2 43.hxg5 Rxc2 44.gxf6 Nd3 45.Rxh5 Rxb2+ 46.Ka3 Re2 47.Rh3
Nf4 48.Rh6 a5 49.f7+ Kxf7 50.Ra6 Re3+ 51.Ka2 Rxe4 52.Rxa5 Ke6
53.Ra8 Nd5 54.Kb2 Rc4 55.a5 e4 56.a6 Nc7 57.Rh8 Nxa6 58.Rh6+
Ke5 0-1

[Event "Master Open"]
[Site "Voronezh"]
[Date "2017.06.12"]
[Round "1.63"]
[White "Murtazin, Ruslan"]
[Black "Grishaev, Igor"]
[Result "1-0"]
[WhiteElo "2359"]
[BlackElo "1931"]
[Annotator ""]
[Source ""]
[Remark ""]

1.e4 e5 2.Nf3 Nc6 3.d4 exd4 4.Nxd4 Nf6 5.Nxc6 dxc6 6.Qxd8+ Kxd8
7.f3 Bd6 8.Nd2 Re8 9.Nc4 Bc5 10.Bg5 h6 11.O-O-O+ Ke7 12.Bf4 b5
13.Na5 Bd7 14.Bxc7 Rec8 15.Bf4 Ne8 16.Nb7 Bb6 17.c4 a5 18.c5
Bc7 19.Bd6+ Bxd6 20.cxd6+ Kf6 21.Nc5 Ra7 22.f4 g5 23.g3 Ng7 24.Nxd7+
Rxd7 25.Bh3 Ne6 26.e5+ Kg7 27.f5 1-0

[Event "Master Open"]
[Site "Voronezh"]
[Date "2017.06.12"]
[Round "1.64"]
[White "Hart, Alexander"]
[Black "Strelnikov, Sergey"]
[Result "0-1"]
[WhiteElo "1918"]
[BlackElo "2357"]
[Annotator ""]
[Source ""]
[Remark ""]

1.d4 f5 2.c4 Nf6 3.Nc3 d6 4.g3 g6 5.Bg2 Bg7 6.Nf3 O-O 7.O-O Qe8
8.Re1 Qf7 9.b3 Ne4 10.Bb2 Nc6 11.e3 e5 12.Qe2 Nxc3 13.Bxc3 e4
14.Ng5 Qe7 15.Nh3 g5 16.f4 exf3 17.Bxf3 f4 18.Bd5+ Kh8 19.Qh5
Bxh3 20.exf4 Qd7 21.fxg5 Qg4 22.Qxg4 Bxg4 23.Re4 Bf3 24.Bxc6
bxc6 25.Re7 c5 26.Rxc7 cxd4 27.Rxg7 Kxg7 28.Bxd4+ Kg6 29.Bf6
Rae8 30.Rf1 Re3 31.Kf2 Rfe8 32.Bd4 Rd3 33.Bxa7 Re2+ 34.Kg1 Rg2+
35.Kh1 Rxg3+ 0-1

[Event "Master Open"]
[Site "Voronezh"]
[Date "2017.06.12"]
[Round "1.65"]
[White "Raja, Harshit"]
[Black "Rakshitta, Ravi"]
[Result "1-0"]
[WhiteElo "2350"]
[BlackElo "1910"]
[Annotator ""]
[Source ""]
[Remark ""]

1.e4 e5 2.Nf3 Nc6 3.Bc4 Bc5 4.d3 Nf6 5.O-O O-O 6.c3 d5 7.exd5
Nxd5 8.a4 a6 9.a5 Bg4 10.Nbd2 Nf4 11.Ne4 Be7 12.h3 Bh5 13.d4
Bd6 14.Nxd6 Qxd6 15.dxe5 Nxh3+ 16.gxh3 Qg6+ 17.Kh2 Rad8 18.Nh4
Rxd1 19.Nxg6 Rxf1 20.Nxf8 Rd1 21.Bb3 Rd3 22.Nxh7 Kxh7 23.Bc2
Bg6 24.Bxd3 Bxd3 25.Bf4 Bc4 26.Rd1 Be6 27.b4 Kg6 28.Kg3 Kf5 29.Kf3
Nxe5+ 30.Bxe5 Kxe5 31.h4 g6 32.Ke3 Kf5 33.Rd8 Kg4 34.Rb8 Bd5
35.Rc8 f5 36.f4 Kxh4 37.Rxc7 g5 38.Rg7 g4 39.Kf2 Kh5 40.Rg5+
Kh4 41.Rg7 Kh5 42.Kg3 Kh6 43.Rc7 Kg6 44.c4 Be4 45.b5 Kf6 46.b6
Ke6 47.c5 1-0

[Event "Master Open"]
[Site "Voronezh"]
[Date "2017.06.12"]
[Round "1.66"]
[White "Sarvesh, Kumar A"]
[Black "Gurvich, Vitaly"]
[Result "1-0"]
[WhiteElo "1905"]
[BlackElo "2345"]
[Annotator ""]
[Source ""]
[Remark ""]

1.e4 c6 2.d4 d5 3.Nd2 dxe4 4.Nxe4 Bf5 5.Ng3 Bg6 6.h4 h6 7.Nf3
Nd7 8.h5 Bh7 9.Bd3 Bxd3 10.Qxd3 e6 11.Bd2 Ngf6 12.O-O-O Be7 13.Kb1
O-O 14.Ne4 Nxe4 15.Qxe4 Nf6 16.Qe2 Qd5 17.Be3 Rad8 18.Rdg1 Qb5
19.c4 Qf5+ 20.Ka1 c5 21.g4 Nxg4 22.Nh4 Bxh4 23.Rxh4 Nxe3 24.Qxe3
Kh8 25.dxc5 Rd3 26.Qf4 Qxc5 27.Rhg4 Rfd8 28.a3 Rd1+ 29.Rxd1 Rxd1+
30.Ka2 Qxh5 31.Rh4 Qg6 32.Qb8+ Kh7 33.Qxb7 Qb1+ 34.Kb3 f5 35.Ka4
Qc2+ 36.Qb3 Qd2 37.c5 Rb1 38.Qxe6 Qc2+ 39.Kb5 Rxb2+ 40.Rb4 Qd3+
41.Qc4 a6+ 42.Kc6 Qf3+ 43.Qd5 Rxf2 44.Qxf3 Rxf3 45.Kd5 Rxa3 46.c6
Rd3+ 47.Rd4 Re3 48.c7 Re8 49.Kc6 Rc8 50.Rd8 Rxc7+ 51.Kxc7 Kg6
52.Kd6 Kf6 53.Rf8+ Kg5 54.Ke5 h5 55.Rxf5+ Kg4 56.Rf4+ Kg3 57.Kf5
g6+ 58.Kg5 a5 59.Rh4 1-0

[Event "Master Open"]
[Site "Voronezh"]
[Date "2017.06.12"]
[Round "1.67"]
[White "Sergienko, Sergey"]
[Black "Gutkovich, Polina"]
[Result "1-0"]
[WhiteElo "2344"]
[BlackElo "1904"]
[Annotator ""]
[Source ""]
[Remark ""]

1.e4 c5 2.Nf3 Nc6 3.Bb5 g6 4.Bxc6 bxc6 5.O-O Bg7 6.Re1 e5 7.c3
Ne7 8.d4 cxd4 9.cxd4 exd4 10.Nxd4 O-O 11.Nc3 Bb7 12.Bg5 h6 13.Bh4
g5 14.Bg3 d5 15.exd5 Nxd5 16.Ne4 f5 17.Ne6 Qb6 18.Nxg7 fxe4 19.Ne6
Rfe8 20.Rxe4 c5 21.Nxg5 hxg5 22.Rg4 Kf7 23.Rxg5 Nf6 24.Qc2 Be4
25.Qc4+ Re6 26.Rxc5 Qxb2 27.Be5 Qb6 28.Rc7+ Kg6 29.Bxf6 Kxf6
30.Qc3+ Re5 31.Rc4 Bd5 32.Rf4+ Ke6 33.Qh3+ Kd6 34.Rf6+ Re6 35.Qg3+
Kc6 36.Rc1+ Kb7 37.Rf7+ Ka6 38.h3 Qb2 39.Qd3+ Qb5 40.Qa3+ Kb6
41.Rg7 a5 42.Qg3 Qb2 43.Qc7+ Ka6 44.Rg5 Qb7 45.Qg3 Rd8 46.Rc5
Qb1+ 47.Kh2 Red6 48.a4 Qe4 49.Rgxd5 Qxd5 50.Rxd5 Rxd5 51.Qc7
Rd2 52.Qc6+ Ka7 53.Qc7+ 1-0

[Event "Master Open"]
[Site "Voronezh"]
[Date "2017.06.12"]
[Round "1.68"]
[White "Garifullina, Leya"]
[Black "Bryakin, Mikhail"]
[Result "0-1"]
[WhiteElo "1883"]
[BlackElo "2338"]
[Annotator ""]
[Source ""]
[Remark ""]

1.e4 c6 2.Nf3 d5 3.Nc3 Nf6 4.e5 Ne4 5.Ne2 Qb6 6.d4 h6 7.Nfg1
c5 8.f3 Ng5 9.c3 cxd4 10.cxd4 Nc6 11.b3 Bf5 12.Bb2 Ne6 13.a3
Nc7 14.b4 e6 15.Ng3 Bh7 16.Bc3 Nb5 17.Bxb5 Qxb5 18.N1e2 a5 19.O-O
Be7 20.bxa5 Nxa5 21.Bxa5 Rxa5 22.f4 Qd3 23.f5 Qxd1 24.Rfxd1 Kd7
25.Rf1 Rxa3 26.Rxa3 Bxa3 27.fxe6+ fxe6 28.Rf7+ Kc6 29.Nf4 Re8
30.Rxg7 Bc2 31.Ngh5 b5 32.Nf6 Re7 33.Rxe7 Bxe7 34.Kf2 b4 35.Ke2
b3 36.Kd2 Bb4+ 37.Kc1 Ba3+ 38.Kd2 Bf5 39.Nd3 b2 40.Nxb2 Bxb2
41.Ke3 Bc1+ 42.Kf3 Bg5 43.g4 Bg6 44.Kg3 Be3 45.h4 Bxd4 46.Ng8
Bxe5+ 0-1

[Event "Master Open"]
[Site "Voronezh"]
[Date "2017.06.12"]
[Round "1.2"]
[White "Gukesh, D"]
[Black "Kokarev, Dmitry"]
[Result "1/2-1/2"]
[WhiteElo "2332"]
[BlackElo "2640"]
[Annotator ""]
[Source ""]
[Remark ""]

1.Nf3 c5 2.g3 g6 3.Bg2 Bg7 4.d4 cxd4 5.Nxd4 Nc6 6.Nb3 Nf6 7.e4
O-O 8.Nc3 Rb8 9.a4 b6 10.O-O d6 11.h3 Nd7 12.Be3 Bb7 13.Nd4 Rc8
14.Nxc6 Rxc6 15.Bd4 Bxd4 16.Qxd4 Re8 17.a5 Qb8 18.Rfc1 Rc5 19.b4
Rcc8 20.Nd5 e5 21.Qd2 bxa5 22.Rxa5 Bxd5 23.exd5 Nb6 24.Bf1 Nc4
25.Bxc4 Rxc4 26.c3 Rec8 27.Qe3 Qb7 28.Qxa7 Qxa7 29.Rxa7 Rxb4
30.Ra6 Rbc4 31.Rxd6 Rxc3 32.Rxc3 Rxc3 33.Rd8+ Kg7 34.d6 Rd3 35.d7
f6 36.Kf1 h5 37.Ke2 Rd6 38.h4 Kf7 39.Ke3 Ke6 40.Rg8 Rxd7 41.Rxg6
Rh7 42.Rg8 Kf5 43.Ra8 Rb7 44.Ra4 Rb3+ 45.Ke2 e4 46.Rc4 Ra3 47.Rb4
Ra2+ 48.Ke3 Ra3+ 49.Ke2 Ra2+ 50.Ke3 Ra3+ 51.Ke2 Ra2+ 52.Ke3 Ke5
53.Kxe4 1/2-1/2

[Event "Master Open"]
[Site "Voronezh"]
[Date "2017.06.12"]
[Round "1.4"]
[White "Nazaretyan, Tigran"]
[Black "Popov, Ivan"]
[Result "0-1"]
[WhiteElo "2328"]
[BlackElo "2619"]
[Annotator ""]
[Source ""]
[Remark ""]

1.d4 Nf6 2.c4 e6 3.Nc3 Bb4 4.e3 b6 5.Nge2 c5 6.a3 Ba5 7.Rb1 Qe7
8.Bd2 Bxc3 9.Nxc3 O-O 10.Be2 Bb7 11.d5 exd5 12.Bf3 d6 13.cxd5
Ba6 14.Be2 Bxe2 15.Qxe2 Ne4 16.O-O Nd7 17.f3 Nxd2 18.Qxd2 f5
19.Rfe1 Rae8 20.Re2 Ne5 21.Rbe1 Qg5 22.Kh1 Qh6 23.Kg1 Qg6 24.Kh1
Re7 25.f4 Ng4 26.e4 fxe4 27.Rxe4 Rxe4 28.Rxe4 Re8 29.Rxe8+ Qxe8
30.h3 Qe3 31.Qxe3 Nxe3 32.Nb5 Nxd5 33.g3 Kf7 34.Nxd6+ Ke6 35.Ne4
Ne3 36.b3 Nc2 37.Kg2 Nxa3 38.Ng5+ Kd5 39.Nxh7 c4 40.bxc4+ Nxc4
41.Kf3 a5 42.Ng5 a4 43.Ne4 Kd4 44.g4 a3 45.Ng3 a2 46.Ne2+ Kc5
47.Nc1 Nd2+ 0-1

[Event "Master Open"]
[Site "Voronezh"]
[Date "2017.06.12"]
[Round "1.7"]
[White "Ponkratov, Pavel"]
[Black "Arjun, Kalyan"]
[Result "1/2-1/2"]
[WhiteElo "2595"]
[BlackElo "2322"]
[Annotator ""]
[Source ""]
[Remark ""]

1.Nf3 d5 2.g3 Nf6 3.Bg2 Bg4 4.h3 Bh5 5.c4 c6 6.O-O Nbd7 7.cxd5
cxd5 8.Nc3 e6 9.d3 Be7 10.e4 d4 11.Ne2 Bxf3 12.Bxf3 Ne5 13.Bg2
O-O 14.f4 Nc6 15.Qb3 Qb6 16.Qxb6 axb6 17.e5 Nd5 18.Bxd5 exd5
19.Bd2 f6 20.exf6 Bxf6 21.Kg2 Rfe8 22.Rfe1 Be7 23.a3 b5 24.f5
Bd6 25.Bf4 Bb4 26.axb4 Rxa1 27.Rxa1 Rxe2+ 28.Kf3 Re8 29.Bd6 Kf7
30.Rc1 Ne5+ 31.Bxe5 Rxe5 32.Kf4 Kf6 33.g4 g5+ 34.fxg6 hxg6 35.h4
Re2 36.Rc5 Rf2+ 37.Kg3 Rxb2 38.Rxd5 Rxb4 39.Rd6+ Ke7 40.Rxg6
Rb3 41.Kf4 Rxd3 42.Rb6 Rh3 43.h5 d3 44.Rxb7+ Kd6 45.Rxb5 d2 46.Rb1
Rd3 47.Rd1 Rd4+ 48.Kf5 Ke7 49.g5 Kf7 50.Ke5 Rg4 51.g6+ Kg7 52.Kf5
Rd4 53.Ke6 Rh4 54.Rxd2 1/2-1/2